Utilization of electric power and traction

Saved in:
Bibliographic Details
Main Author: DEB, Tanmoy
Format: Book
Language:English
Published: Ane Books 2018
Tags: Add Tag
No Tags, Be the first to tag this record!

MARC

LEADER 00000nam a22000007a 4500
008 230213b |||||||| |||| 00| 0 eng d
020 |a 9789384726064 
100 |a DEB, Tanmoy 
245 |a Utilization of electric power and traction  |c Tanmoy Deb  |g xii,384p;ill 
260 |b Ane Books  |c 2018  |h New Delhi  |i 699345   |i 699346  |l TK4001.D35  |m Electric power  |m Electric railroads 
500 |a it included references and index 
942 |a lcc  |c BK  |e Johnson  |f 13/01/23 
952 |0 0  |1 0  |2 lcc  |4 0  |6 TK4001 D35  |7 0  |9 4197  |a TL  |b HOL  |c QZ  |d 2023-02-13  |l 0  |o TK4001.D35  |p 2023-0127  |r 2023-02-13 00:00:00  |t 699345  |w 2023-02-13  |y BK 
952 |0 0  |1 0  |2 lcc  |4 0  |6 TK4001 D35  |7 0  |9 4198  |a HOL  |b HOL  |c QZ  |d 2023-02-13  |l 0  |o TK4001.D35  |p 2023-0128  |r 2023-02-13 00:00:00  |t 699346  |w 2023-02-13  |y BK 
999 |c 2103  |d 2103